| 000 | 01092nam a22002657a 4500 | ||
|---|---|---|---|
| 003 | BD-DhSAU | ||
| 005 | 20181209163522.0 | ||
| 008 | 160223b2014 bg ||||| |||| 001 0 eng d | ||
| 040 | _aBD-DhSAU | ||
| 082 |
_222 _a630.715 _bE559 |
||
| 100 |
_aEmteas, Md. Asif _dRegistration No. # 07-02489 |
||
| 245 |
_aUse of tobacco products by the farmers of selected areas of Rangamati / _bMS thesis |
||
| 260 |
_aSher-e- Bangla Agricultural University : _bDepartment of Agricultural Extension and Information System, _c2014 |
||
| 300 |
_avii, 63 p. : _bill. ; _c30 cm. |
||
| 500 | _aMS thesis of Department of Agricultural Extension and Information System, Faculty of Agriculture, Sher-e-Bangla Agricultural University, Dhaka, Bangladesh | ||
| 590 | _aMd. Sirajul Islam | ||
| 650 | _aExtension | ||
| 650 | _aTobacco | ||
| 650 | _aFarmers | ||
| 650 | _aRangamati | ||
| 700 |
_a Ali, Md. Sekender _eSupervisor |
||
| 700 |
_aHossain, Kh. Zulfikar _eCo-Supervisor |
||
| 856 |
_uhttp://archive.saulibrary.edu.bd:8080/xmlui/handle/123456789/845 _yOnline Access |
||
| 942 |
_2ddc _cTHESIS |
||
| 999 |
_c13250 _d13249 |
||